000 00592nam a22002177a 4500
003 UA-OsUOA
001 56791
007 ta
008 20081110b un ||||| |||| 00| 0 ukr d
100 _aСкуба В.
090 _a908
_bС-12
942 _cSA
040 _aUA-OsUOA
_bukr
_cUA-OsUOA
_dUA-OsUOA
245 _aКнига Петра Кралюка "Новий апокриф" - нова філософія української нації
300 _aС.4
955 _a0
041 _aukr
080 _a908
773 0 _w56790
650 7 _a908 Краєзнавство
_2UDC
999 _c342880
_d342880